LEADER 01179nam0 22003253i 450 001 UBO1663796 005 20231121125856.0 010 $a019254120X$bCasebound 010 $a0192810510$bPaperback 100 $a20131211d1969 ||||0itac50 ba 101 | $aeng 102 $agb 181 1$6z01$ai $bxxxe 182 1$6z01$an 200 1 $aPoetical Works$fColeridge$gedited by Ernest Hartley Coleridge 210 $aOxford [etc.]$cOxford University Press$d1969 215 $aXXIII,,614 p.$d20 cm. 225 | $aOxford paperbacks. Poetry 410 0$1001SBL0386165$12001 $aOxford paperbacks. Poetry 700 1$aColeridge$b, Samuel Taylor$3CFIV035325$4070$0163475 702 1$aColeridge$b, Ernest Hartley$3RAVV065389 790 1$aColeridge$b, Samuel$3CFIV094100$zColeridge, Samuel Taylor 801 3$aIT$bIT-01$c20131211 850 $aIT-FR0017 899 $aBiblioteca umanistica Giorgio Aprea$bFR0017 $eN 912 $aUBO1663796 950 0$aBiblioteca umanistica Giorgio Aprea$d 52MAG 1/1719$e 52FLS0000117325 VMN RS $fA $h20131211$i20131211 977 $a 52 996 $aPoetical works$9179118 997 $aUNICAS LEADER 01124nam2 2200361 450 001 996674682003316 005 20250922194916.0 100 $a20250909d1980----km y0itay5003 ba 101 0 $aita 102 $aIT 105 $ay 00 y 200 1 $aKnut Hamsun$f[a cura di Carlo Picchio] 210 $aMilano$cClub degli editori$d1980 215 $aXXXVI, 787 p.$c1 ritratto$d20 cm 225 2 $aPremi Nobel 300 $aIn copertina: 1920 300 $aEdizione speciale del Club degli editori su licenza delle edizioni Casini, della Arnoldo Mondadori editore e delle edizioni Librarie italiane 300 $aContiene: Fame ; Pan ; Victoria ; Il risveglio della terra 410 0$1001996673778603316$12001$aPremi Nobel 540 1 $aFame 540 1 $aPan 540 1 $aVictoria 540 1 $a<> risveglio della terra 676 $a839.54 700 1$aHAMSUN,$bKnut$0440648 702 1$aPICCHIO,$bCarlo 801 0$aIT$bcba$gREICAT 912 $a996674682003316 951 $aXVI.7. Coll. 32/ 18$bFBUO$cXVI.7. Coll. 959 $aBK 969 $aFBUO 996 $aSult$93616045 997 $aUNISA